Australian Sports Teams by Stadium - Statistics

General Stats
  • This quiz has been taken 871 times
    826 since last reset
  • The average score is 48 of 64
Answer Stats
Stadium Answer % Correct
Richmond Tigers (AFL)
90%
AAMI Park, Melbourne Melbourne Storm (NRL)
89%
Brisbane Lions (AFL)
88%
Adelaide Oval Adelaide Crows (AFL)
87%
ANZ Stadium, Sydney Sydney Swans (AFL)
87%
Sydney Cricket Ground Sydney Swans (AFL)
87%
Simonds Stadium (Kardina Park), Geelong Geelong Cats (AFL)
86%
Port Adelaide Power (AFL)
86%
Western Bulldogs (AFL)
86%
Spotless Stadium (Sydney Showground) GWS Giants (AFL)
84%
Star Trak (Manuka) Oval GWS Giants (AFL)
84%
Patersons Stadium (Subiaco Oval) West Coast Eagles (AFL)
83%
Canterbury-Bankstown Bulldogs (NRL)
82%
Collingwood Magpies (AFL)
82%
Metricon (Carrara) Stadium Gold Coast Suns (AFL)
82%
Pirtek (Parramatta) Stadium Parramatta Eels (NRL)
82%
Remondis Stadium, Cronulla Cronulla-Sutherland Sharks (NRL)
81%
Fremantle Dockers (AFL)
81%
Aurora Stadium (York Park), Launceston Hawthorn Hawks (AFL)
81%
Hawthorn Hawks (AFL)
81%
Melbourne Victory (A-League)
81%
Melbourne Victory (A-League)
81%
Campbelltown Stadium Wests Tigers (NRL)
81%
Leichhardt Oval Wests Tigers (NRL)
81%
Suncorp Stadium, Brisbane Brisbane Broncos (NRL)
80%
Etihad (Docklands) Stadium, Melbourne Carlton Blues (AFL)
80%
Melbourne Cricket Ground Carlton Blues (AFL)
80%
The Gabba, Brisbane Brisbane Heat (BBL)
79%
Peppers Stadium, Penrith Penrith Panthers (NRL)
79%
Melbourne City (A-League)
78%
Melbourne City (A-League)
78%
North Melbourne Kangaroos (AFL)
78%
Essendon Bombers (AFL)
77%
Sydney Sixers (BBL)
77%
Blundstone Arena (Bellerive Oval), Hobart Hobart Hurricanes (BBL)
76%
Melbourne Demons (AFL)
76%
GIO Stadium, Canberra Canberra Raiders (NRL)
75%
WACA Perth Scorchers (BBL)
75%
Melbourne Stars (BBL)
74%
Adelaide Strikers (BBL)
73%
Allianz Stadium, Sydney Sydney Roosters (NRL)
73%
St Kilda Saints (AFL)
72%
Sydney FC (A-League)
72%
Bluetongue (Central Coast) Stadium Central Coast Mariners (A-League)
71%
Melbourne Renegades (BBL)
71%
Hunter Stadium, Newcastle Newcastle Knights (NRL)
71%
1300SMILES Stadium, Townsville North Queensland Cowboys (NRL)
71%
South Sydney Rabbitohs (NRL)
70%
Sydney Thunder (BBL)
70%
Cbus Super Stadium, Robina Gold Coast Titans (NRL)
67%
Newcastle Jets (A-League)
67%
Brisbane Roar (A-League)
66%
Brookvale Oval Manly-Warringah Sea Eagles (NRL)
66%
nib Stadium (Perth Oval) Perth Glory (A-League)
64%
Western Sydney Wanderers (A-League)
64%
WIN Jubilee (Kogarah) Oval St. George-Illawarra Dragons (NRL)
63%
WIN Stadium, Wollongong St. George-Illawarra Dragons (NRL)
63%
Queensland Reds (SuperRugby)
60%
Adelaide United (A-League)
59%
Coopers Stadium, Adelaide (Hindmarsh) Adelaide United (A-League)
59%
Melbourne Rebels (SuperRugby)
58%
ACT Brumbies (SuperRugby)
53%
NSW Waratahs (SuperRugby)
53%
Western Force (SuperRugby)
47%
No matching quizzes found
Score Distribution
Percent of People with Each Score
Percentile by Number Answered
Your Score History
You have not taken this quiz since the last reset